Kliknij państwa Europy na mapie świata - whammies - Statystyki

Ogólne statystyki
  • Ten quiz został rozwiązany 156 razy
  • Średni wynik to 33 z 45
Odpowiedzi na mapie
Odpowiedzi zakodowano w zielono-czerwonej skali na mapie do tego quizu, zgodnie z poniższymi procentami.
 
Statystyki odpowiedzi
Odpowiedź % Poprawnych
Grecja
79%
Ukraina
79%
Litwa
78%
Białoruś
76%
Finlandia
76%
Hiszpania
76%
Islandia
76%
Łotwa
76%
Niemcy
76%
Włochy
76%
Estonia
75%
Kosowo
75%
Polska
75%
Rosja
75%
Szwecja
75%
Wielka Brytania
75%
Austria
74%
Chorwacja
74%
Czechy
74%
Holandia
74%
Irlandia
74%
Rumunia
74%
Szwajcaria
74%
Watykan
74%
Andora
72%
Dania
72%
Francja
72%
Malta
72%
Norwegia
72%
Słowenia
72%
Węgry
72%
Monako
71%
Portugalia
71%
Serbia
71%
Słowacja
71%
Mołdawia
69%
San Marino
69%
Macedonia Północna
68%
Albania
66%
Bośnia i Hercegowina
66%
Bułgaria
66%
Czarnogóra
66%
Belgia
65%
Liechtenstein
63%
Luksemburg
62%
Nie znaleziono quizów pasujących do podanych kryteriów
Rozkład punktacji
Procent ludzi z każdym wynikiem
Percentyl według liczby udzielonych odpowiedzi
Twoja historia wyników
Nie rozwiązałeś tego quizu